[Event "Dos Hermanas Rapid op"]
[Site "Dos Hermanas"]
[Date "2025.06.07"]
[Round "5"]
[White "Rincon Bascon, Jorge"]
[Black "Solodovnichenko, Yuri"]
[Result "0-1"]
[WhiteElo "2092"]
[BlackElo "2486"]
[PlyCount "56"]
[EventDate "2025.06.07"]
[EventType "swiss"]
[EventRounds "8"]
[EventCountry "ESP"]
[SourceTitle "CB24_2025"]
[SourceDate "2025.06.11"]
[SourceVersion "1"]
[SourceVersionDate "2025.06.11"]
[SourceQuality "1"]

1. e4 c5 2. Nf3 d6 3. Bb5+ Nd7 4. a4 Ngf6 5. Nc3 g6 6. 0-0 Bg7 7. d3 0-0 8. Bg5 h6 9. Bf4 e5 10. Be3 Nb8 11. h3 Nc6 12. Nh2 Kh7 13. Bxc6 bxc6 14. f4 exf4 15. Bxf4 d5 16. a5 Nh5 17. Ng4 Nxf4 18. Rxf4 h5 19. Nf2 Be6 20. Qe1 Qb8 21. Ne2 Qxb2 22. Rb1 Qxc2 23. Rc1 Qa2 24. Rxc5 Rab8 25. Rxc6 Rb1 26. Nc1 Bh6 27. Qe3 d4 28. Qf3 Qd2 0-1

[Event "Dos Hermanas Rapid op"]
[Site "Dos Hermanas"]
[Date "2025.06.07"]
[Round "2"]
[White "Solodovnichenko, Yuri"]
[Black "Alape Gonzalez, Juan David"]
[Result "1-0"]
[WhiteElo "2486"]
[BlackElo "1951"]
[PlyCount "46"]
[EventDate "2025.06.07"]
[EventType "swiss"]
[EventRounds "8"]
[EventCountry "ESP"]
[SourceTitle "CB24_2025"]
[SourceDate "2025.06.11"]
[SourceVersion "1"]
[SourceVersionDate "2025.06.11"]
[SourceQuality "1"]

1. e4 e5 2. Nf3 Nc6 3. Nc3 Nf6 4. Bb5 Nd4 5. 0-0 Nxb5 6. Nxb5 d6 7. d4 exd4 8. Qxd4 a6 9. e5 axb5 10. exf6 Qxf6 11. Re1+ Be6 12. Qd3 c6 13. Bg5 Qg6 14. Qe3 h6 15. Bh4 Kd7 16. Qb6 Rb8 17. Rad1 f6 18. Rxe6 Kxe6 19. Qc7 Re8 20. Nd4+ Kd5 21. Nxc6+ Ke4 22. Qxb7 d5 23. Qxb5 Kf5 1-0

[Event "Dos Hermanas Rapid op"]
[Site "Dos Hermanas"]
[Date "2025.06.07"]
[Round "4"]
[White "Solodovnichenko, Yuri"]
[Black "Silva Lucena, Cristian"]
[Result "1/2-1/2"]
[WhiteElo "2486"]
[BlackElo "2257"]
[PlyCount "128"]
[EventDate "2025.06.07"]
[EventType "swiss"]
[EventRounds "8"]
[EventCountry "ESP"]
[SourceTitle "CB24_2025"]
[SourceDate "2025.06.11"]
[SourceVersion "1"]
[SourceVersionDate "2025.06.11"]
[SourceQuality "1"]

1. e4 e5 2. Nf3 Nc6 3. d4 exd4 4. Nxd4 Nf6 5. Nxc6 bxc6 6. e5 Qe7 7. Qe2 Nd5 8. h4 f6 9. c4 Nb6 10. exf6 Qxe2+ 11. Bxe2 gxf6 12. Bf4 d5 13. Nd2 Bd6 14. Bxd6 cxd6 15. cxd5 cxd5 16. Nf3 Bg4 17. Bb5+ Bd7 18. Bd3 Kf7 19. b3 Bg4 20. Nd4 Nd7 21. f3 Nc5 22. Kd2 Bd7 23. b4 Nxd3 24. Kxd3 f5 25. Rac1 Rac8 26. Rhd1 Kf6 27. Rxc8 Rxc8 28. Rd2 Rc1 29. Ke3 Ke5 30. f4+ Kf6 31. Nf3 Bc6 32. Nd4 Bd7 33. Rc2 Re1+ 34. Re2 Rc1 35. g3 Rc3+ 36. Kf2 Rc4 37. Nf3 Rxb4 38. Rd2 Bc6 39. Nd4 Bd7 40. Nb3 Ke6 41. Rd4 Rb6 42. Ke3 Ra6 43. Rd2 Ra4 44. Nd4+ Kf6 45. Rb2 Ra3+ 46. Kf2 Rc3 47. Rb7 Be6 48. Rxa7 Rc4 49. Nf3 d4 50. Ng5 Rc2+ 51. Ke1 Bxa2 52. Nxh7+ Ke6 53. Ng5+ Kd5 54. Ra5+ Kc4 55. Nf3 d3 56. Nd2+ Kd4 57. Ra7 Bd5 58. h5 Ke3 59. Re7+ Be4 60. Nf1+ Kf3 61. Nd2+ Ke3 62. Nf1+ Kf3 63. Nd2+ Ke3 64. Nf1+ Kf3 1/2-1/2

[Event "FRA-chT Top 16 GpB"]
[Site "Belfort"]
[Date "2025.05.22"]
[Round "1.2"]
[White "Solodovnichenko, Yuri"]
[Black "Velten, Paul"]
[Result "1/2-1/2"]
[WhiteElo "2511"]
[BlackElo "2542"]
[PlyCount "84"]
[EventDate "2025.05.22"]
[EventType "team-tourn"]
[EventRounds "7"]
[EventCountry "FRA"]
[SourceTitle "CB22_2025"]
[SourceDate "2025.05.28"]
[SourceVersion "1"]
[SourceVersionDate "2025.05.28"]
[SourceQuality "1"]
[WhiteTeam "Vandoeuvre"]
[BlackTeam "Chalon"]
[WhiteTeamCountry "FRA"]
[BlackTeamCountry "FRA"]

1. e4 c6 2. d4 d5 3. exd5 cxd5 4. Bd3 Nf6 5. h3 Nc6 6. c3 e5 7. dxe5 Nxe5 8. Nf3 Nxd3+ 9. Qxd3 Bd6 10. 0-0 0-0 11. Bg5 h6 12. Bh4 g5 13. Bg3 Nh5 14. Nd4 f5 15. Nd2 f4 16. Bh2 Ng7 17. Rfe1 a6 18. Rad1 Qf6 19. N2f3 Bd7 20. Nb5 axb5 21. Qxd5+ Rf7 22. Qxd6 Bc6 23. Qb4 Bxf3 24. gxf3 Nf5 25. Qxb5 Nh4 26. Re8+ Rxe8 27. Qxe8+ Rf8 28. Qd7 Qf7 29. Qxf7+ Kxf7 30. Rd3 Re8 31. Kf1 b5 32. a3 Re7 33. Bg1 Re6 34. Bh2 Kf6 35. Bg1 Kf7 36. Bh2 Kf6 37. Bg1 Re8 38. Bh2 Kg7 39. Rd7+ Kg6 40. Rd6+ Kg7 41. Rd7+ Kg6 42. Rd6+ Kg7 1/2-1/2

[Event "Bucharest ROM GP"]
[Site "Bucharest"]
[Date "2025.05.11"]
[Round "6"]
[White "Manolache, Marius"]
[Black "Solodovnichenko, Yuri"]
[Result "1/2-1/2"]
[WhiteElo "2408"]
[BlackElo "2511"]
[PlyCount "81"]
[EventDate "2025.05.10"]
[EventType "swiss"]
[EventRounds "10"]
[EventCountry "ROU"]
[SourceTitle "CB20_2025"]
[SourceDate "2025.05.14"]
[SourceVersion "1"]
[SourceVersionDate "2025.05.14"]
[SourceQuality "1"]

1. d4 d5 2. Nf3 Nf6 3. Bf4 c5 4. e3 cxd4 5. exd4 Nc6 6. c3 Bf5 7. Nbd2 e6 8. Be2 Bd6 9. Bg3 0-0 10. Nh4 Be4 11. Nhf3 Re8 12. 0-0 a6 13. a4 Bxg3 14. hxg3 Qc7 15. Nb3 Rad8 16. Re1 h6 17. a5 Bxf3 18. Bxf3 e5 19. dxe5 Nxe5 20. Nd4 Nc4 21. Rxe8+ Rxe8 22. b4 Ne5 23. Rc1 Nxf3+ 24. gxf3 h5 25. Qd2 Qe5 26. Kg2 h4 27. g4 Nh7 28. f4 Qf6 29. g5 Qd6 30. Rh1 Nf8 31. Rxh4 Ng6 32. Rg4 Re4 33. Kg3 Qe7 34. Nf5 Qe6 35. Nd4 Qe7 36. Nf5 Qd7 37. Nd4 Ne5 38. Rh4 Ng6 39. Rg4 Qe7 40. Nf5 Qe6 41. Nd4 1/2-1/2

[Event "Bucharest ROM GP"]
[Site "Bucharest"]
[Date "2025.05.11"]
[Round "10"]
[White "Stoleriu, George"]
[Black "Solodovnichenko, Yuri"]
[Result "0-1"]
[WhiteElo "2392"]
[BlackElo "2511"]
[PlyCount "96"]
[EventDate "2025.05.10"]
[EventType "swiss"]
[EventRounds "10"]
[EventCountry "ROU"]
[SourceTitle "CB20_2025"]
[SourceDate "2025.05.14"]
[SourceVersion "1"]
[SourceVersionDate "2025.05.14"]
[SourceQuality "1"]

1. e4 c5 2. Nc3 Nc6 3. Bb5 Nd4 4. Bc4 e6 5. Nge2 Nf6 6. 0-0 a6 7. d3 b5 8. Bb3 Nc6 9. a4 b4 10. Nb1 d6 11. c3 Be7 12. Bg5 h6 13. Bh4 0-0 14. Nd2 Ne5 15. f4 Ng6 16. Be1 bxc3 17. bxc3 d5 18. e5 Ng4 19. Rf3 d4 20. cxd4 cxd4 21. Nc4 Bb7 22. Rg3 h5 23. Na5 Rb8 24. Nxb7 Rxb7 25. Bc4 Rb2 26. Bd2 a5 27. Bc1 Rb8 28. h3 Ne3 29. Bxe3 dxe3 30. d4 Nh4 31. Rxe3 Rb4 32. Bd3 g6 33. g3 Nf5 34. Bxf5 gxf5 35. Rd3 Qd5 36. Nc3 Qc4 37. Nb5 Kg7 38. Rc3 Qd5 39. Qf3 Rxd4 40. Nxd4 Qxd4+ 41. Kh1 Rb8 42. Rcc1 Rb2 43. Rd1 Qb6 44. Rg1 Rf2 45. Rab1 Qc5 46. Qb7 Qc2 47. Rgf1 Rh2+ 48. Kg1 Bc5+ 0-1

[Event "Bucharest ROM GP"]
[Site "Bucharest"]
[Date "2025.05.10"]
[Round "2"]
[White "Dorache, Florin"]
[Black "Solodovnichenko, Yuri"]
[Result "0-1"]
[WhiteElo "1948"]
[BlackElo "2511"]
[PlyCount "62"]
[EventDate "2025.05.10"]
[EventType "swiss"]
[EventRounds "10"]
[EventCountry "ROU"]
[SourceTitle "CB20_2025"]
[SourceDate "2025.05.14"]
[SourceVersion "1"]
[SourceVersionDate "2025.05.14"]
[SourceQuality "1"]

1. e4 g6 2. d4 d6 3. Nc3 Bg7 4. Be3 a6 5. f3 b5 6. Qd2 Nd7 7. Nh3 c5 8. Nf2 cxd4 9. Bxd4 Ngf6 10. 0-0-0 0-0 11. h4 Bb7 12. g4 b4 13. Nd5 Bxd5 14. exd5 Qa5 15. Bc4 Rfc8 16. Bb3 Nc5 17. Kb1 Nxb3 18. axb3 Qxd5 19. Bxf6 Qxd2 20. Rxd2 Bxf6 21. Ne4 Be5 22. h5 a5 23. hxg6 hxg6 24. Nf2 Bg7 25. Nd3 e6 26. f4 a4 27. bxa4 Rxa4 28. Nc1 Rca8 29. Nb3 Ra2 30. Rxd6 Rxb2+ 31. Kc1 Rxb3 0-1

[Event "Ljubljana op"]
[Site "Ljubljana"]
[Date "2025.05.01"]
[Round "6"]
[White "Skarlovnik, Aljaz"]
[Black "Solodovnichenko, Yuri"]
[Result "0-1"]
[WhiteElo "1953"]
[BlackElo "2511"]
[PlyCount "58"]
[EventDate "2025.04.28"]
[EventType "swiss"]
[EventRounds "9"]
[EventCountry "SLO"]
[SourceTitle "CB19_2025"]
[SourceDate "2025.05.07"]
[SourceVersion "1"]
[SourceVersionDate "2025.05.07"]
[SourceQuality "1"]

1. c4 e5 2. g3 c6 3. Bg2 d5 4. cxd5 cxd5 5. d4 e4 6. Nh3 Nc6 7. 0-0 Be7 8. Nc3 h6 9. Nf4 Nf6 10. e3 0-0 11. a3 Re8 12. b4 Bf8 13. Qb3 Ne7 14. f3 g5 15. Nfe2 exf3 16. Rxf3 Bg7 17. Rf1 Be6 18. Bd2 Qd7 19. Kh1 Bh3 20. Bxh3 Qxh3 21. Ng1 Qe6 22. Rae1 Ne4 23. Qd1 Nxc3 24. Bxc3 Nf5 25. Qd3 Nd6 26. Nf3 Rac8 27. Ne5 f6 28. Nf3 Qe4 29. Qd2 g4 0-1

[Event "Ljubljana op"]
[Site "Ljubljana"]
[Date "2025.04.30"]
[Round "4"]
[White "Tratar, Marko"]
[Black "Solodovnichenko, Yuri"]
[Result "0-1"]
[WhiteElo "2374"]
[BlackElo "2511"]
[PlyCount "42"]
[EventDate "2025.04.28"]
[EventType "swiss"]
[EventRounds "9"]
[EventCountry "SLO"]
[SourceTitle "CB19_2025"]
[SourceDate "2025.05.07"]
[SourceVersion "1"]
[SourceVersionDate "2025.05.07"]
[SourceQuality "1"]

1. Nf3 e6 2. g3 b6 3. Bg2 Bb7 4. 0-0 c5 5. c4 Nf6 6. d4 cxd4 7. Qxd4 Be7 8. Nc3 0-0 9. Rd1 Qc8 10. Qf4 Na6 11. b3 Re8 12. Bb2 d5 13. e4 Rd8 14. Nd2 Re8 15. Bc1 Bb4 16. Ne2 e5 17. Qh4 d4 18. Nb1 Nc5 19. f3 Ne6 20. Qh3 b5 21. Na3 Qc5 0-1

[Event "Catalunya-chT Gp1"]
[Site "Barcelona"]
[Date "2025.01.25"]
[Round "2.1"]
[White "Solodovnichenko, Yuri"]
[Black "Gines Esteo, Pedro Antonio"]
[Result "1-0"]
[WhiteElo "2511"]
[BlackElo "2473"]
[PlyCount "145"]
[EventDate "2025.01.18"]
[EventType "team-tourn"]
[EventRounds "5"]
[EventCountry "ESP"]
[SourceTitle "CB07_2025"]
[SourceDate "2025.02.12"]
[SourceVersion "1"]
[SourceVersionDate "2025.02.12"]
[SourceQuality "1"]
[WhiteTeam "Figueres"]
[BlackTeam "Barcelona Escacs CC"]
[WhiteTeamCountry "ESP"]
[BlackTeamCountry "ESP"]

1. e4 e5 2. Nf3 Nc6 3. Bb5 a6 4. Ba4 Nf6 5. 0-0 Be7 6. Re1 b5 7. Bb3 0-0 8. h3 Bb7 9. d3 d5 10. exd5 Nxd5 11. Nxe5 Nd4 12. Nc3 Nb4 13. Be3 Nxb3 14. axb3 Bd6 15. Bd2 f6 16. Ng4 f5 17. Ne5 Qf6 18. f4 Bxe5 19. Rxe5 Qg6 20. Re2 Bf3 21. Qf1 Bxe2 22. Nxe2 Qd6 23. Bxb4 Qxb4 24. Qf2 Qd6 25. Nd4 Rad8 26. Ne2 Rfe8 27. Ng3 Qf6 28. Kh2 Rd6 29. Qc5 Rc6 30. Qd5+ Kh8 31. c3 g6 32. b4 Rd6 33. Qf3 Rde6 34. Qb7 Rc6 35. d4 Qd6 36. Rf1 Kg7 37. Rf2 Qd7 38. Ne2 Re3 39. Ng1 Rb6 40. Qa7 Re8 41. Nf3 Reb8 42. Re2 Kf8 43. Ng5 R8b7 44. Qa8+ Rb8 45. Qa7 Kg8 46. Ne6 R8b7 47. Qa8+ Rb8 48. Qa7 R6b7 49. Nc5 Rxa7 50. Nxd7 Rba8 51. d5 Kf7 52. Ne5+ Kf8 53. Nd7+ Kf7 54. Ne5+ Kg8 55. Nc6 Rb7 56. Re7 Rc8 57. Rd7 Re8 58. d6 Re6 59. Ne7+ Kf8 60. dxc7 Rxc7 61. Rxc7 Rxe7 62. Rxe7 Kxe7 63. Kg3 Ke6 64. Kf3 Kd5 65. b3 Ke6 66. Ke3 Kd5 67. Kd3 Ke6 68. Kd4 Kd6 69. g3 h6 70. h4 Ke6 71. Kc5 Kf6 72. Kd6 g5 73. h5 1-0

[Event "Vandoeuvre op 21st"]
[Site "Vandoeuvre"]
[Date "2024.12.26"]
[Round "1"]
[White "Kanyamarala, Trisha"]
[Black "Solodovnichenko, Yuri"]
[Result "0-1"]
[WhiteElo "2171"]
[BlackElo "2500"]
[PlyCount "150"]
[EventDate "2024.12.26"]
[EventType "swiss"]
[EventRounds "9"]
[EventCountry "FRA"]
[SourceTitle "CB04_2025"]
[SourceDate "2025.01.22"]
[SourceVersion "1"]
[SourceVersionDate "2025.01.22"]
[SourceQuality "1"]

1. d4 e6 2. c4 b6 3. Nf3 Bb7 4. Nc3 Nf6 5. a3 d5 6. cxd5 Nxd5 7. Qc2 Nxc3 8. bxc3 Nd7 9. e4 c5 10. Bd3 Qc8 11. 0-0 cxd4 12. cxd4 Qxc2 13. Bxc2 Rc8 14. Bd3 Bd6 15. Bd2 a6 16. Rfb1 0-0 17. Ra2 h6 18. a4 Rfd8 19. Ne1 Kf8 20. f3 e5 21. d5 Bc5+ 22. Kf1 f5 23. Nc2 fxe4 24. fxe4 Ke7 25. Ne3 g6 26. Ke2 Rf8 27. Bb4 Bxb4 28. Rxb4 a5 29. Rb1 Rf6 30. Nc4 Bxd5 31. exd5 e4 32. Re1 Kd8 33. g3 exd3+ 34. Kxd3 Nc5+ 35. Ke3 Kd7 36. Rae2 Re8+ 37. Kd4 Nb3+ 38. Kc3 Rf3+ 39. Kb2 Rxe2+ 40. Rxe2 Kd8 41. Ne5 Nd4 42. Rd2 Rf5 43. Nxg6 Nf3 44. Rf2 Nd4 45. Nf4 Re5 46. Kc3 Nf5 47. g4 Nd6 48. Kd3 Re4 49. h4 Rxa4 50. g5 hxg5 51. hxg5 Ne4 52. Ne6+ Ke7 53. Rg2 Kd6 54. g6 Kxd5 55. Nc7+ Ke5 56. g7 Ra3+ 57. Ke2 Ra2+ 58. Kf3 Rxg2 59. Kxg2 Nf6 60. Kf3 Kd4 61. Ke2 Kc4 62. Kd2 b5 63. Kc2 b4 64. Ne8 Ng8 65. Nd6+ Kd5 66. Nf5 a4 67. Kb2 Nf6 68. Ne7+ Kc4 69. g8Q+ Nxg8 70. Nxg8 a3+ 71. Kc2 b3+ 72. Kb1 Kc3 73. Nf6 a2+ 74. Ka1 Kc2 75. Nd5 b2+ 0-1

[Event "Benidorm Bali op-A 21st"]
[Site "Benidorm"]
[Date "2024.12.01"]
[Round "4"]
[White "Solodovnichenko, Yuri"]
[Black "Rey Martinez, Jaime"]
[Result "1-0"]
[WhiteElo "2503"]
[BlackElo "2266"]
[PlyCount "85"]
[EventDate "2024.11.29"]
[EventType "swiss"]
[EventRounds "9"]
[EventCountry "ESP"]
[SourceTitle "CB50_2024"]
[SourceDate "2024.11.01"]
[SourceVersion "1"]
[SourceVersionDate "2024.11.01"]
[SourceQuality "2"]

1. e4 c5 2. Nf3 d6 3. Bb5+ Bd7 4. Bxd7+ Qxd7 5. c4 Nc6 6. Nc3 g6 7. d4 cxd4 8. Nxd4 Bg7 9. Be3 Nf6 10. f3 0-0 11. b3 Rac8 12. Rc1 a6 13. Nxc6 Qxc6 14. a4 Nd7 15. Nd5 Rfe8 16. 0-0 e6 17. b4 exd5 18. cxd5 Qxc1 19. Bxc1 Rc4 20. Bf4 Bd4+ 21. Kh1 Ne5 22. b5 a5 23. Bg5 Nd7 24. Bf4 Ne5 25. Bg3 Rec8 26. f4 Nd7 27. e5 dxe5 28. fxe5 Nxe5 29. d6 Nd7 30. Qf3 Bf6 31. h3 Rc1 32. Rxc1 Rxc1+ 33. Kh2 Bd4 34. Bf4 Bg1+ 35. Kg3 Rc2 36. Qd3 Rc8 37. Be3 Ne5 38. Qd4 Bxe3 39. Qxe3 f6 40. Qb6 Rc3+ 41. Kh2 Rc2 42. d7 Nf3+ 43. Kg3 1-0

[Event "Benidorm Bali op-A 21st"]
[Site "Benidorm"]
[Date "2024.11.29"]
[Round "1"]
[White "Peter, Steven"]
[Black "Solodovnichenko, Yuri"]
[Result "0-1"]
[WhiteElo "2074"]
[BlackElo "2503"]
[PlyCount "54"]
[EventDate "2024.11.29"]
[EventType "swiss"]
[EventRounds "9"]
[EventCountry "ESP"]
[SourceTitle "CB50_2024"]
[SourceDate "2024.11.01"]
[SourceVersion "1"]
[SourceVersionDate "2024.11.01"]
[SourceQuality "2"]

1. e4 c5 2. Nf3 d6 3. Bc4 Nf6 4. d3 Nc6 5. c3 g6 6. 0-0 Bg7 7. a4 0-0 8. Re1 e5 9. Bg5 h6 10. Bxf6 Qxf6 11. a5 Rb8 12. Nbd2 Qd8 13. Qa4 Bd7 14. Qa3 Kh7 15. b4 cxb4 16. cxb4 a6 17. b5 axb5 18. Bxb5 Be6 19. Reb1 Na7 20. Bc4 d5 21. exd5 Bxd5 22. Ra2 Nc6 23. Qc5 Bxc4 24. dxc4 f5 25. Qd5 e4 26. Ne1 Qe7 27. Nb3 Nb4 0-1

[Event "SRB-chT2 Vojvodina"]
[Site "Palic"]
[Date "2024.11.04"]
[Round "10.1"]
[White "Schekachikhin, Maksim"]
[Black "Solodovnichenko, Yuri"]
[Result "1-0"]
[WhiteElo "2352"]
[BlackElo "2497"]
[PlyCount "89"]
[EventDate "2024.10.29"]
[EventType "team-tourn"]
[EventRounds "11"]
[EventCountry "SRB"]
[SourceTitle "CB45_2024"]
[Source "ChessBase"]
[SourceDate "2024.11.06"]
[SourceVersion "1"]
[SourceVersionDate "2024.11.06"]
[SourceQuality "1"]
[WhiteTeam "Gajdobra Hercegovac"]
[BlackTeam "Jazak Car Uros"]
[WhiteTeamCountry "SRB"]
[BlackTeamCountry "SRB"]

1. c4 e5 2. Nc3 Nf6 3. Nf3 Nc6 4. g3 Bb4 5. Nd5 d6 6. Nxb4 Nxb4 7. Bg2 c5 8. 0-0 0-0 9. d3 h6 10. Bd2 Nc6 11. e4 Ne8 12. Nh4 Nd4 13. Be3 Nc7 14. Bxd4 cxd4 15. f4 a5 16. f5 Na6 17. Nf3 Nc5 18. g4 Bd7 19. b3 b5 20. Qd2 Rb8 21. h4 bxc4 22. bxc4 Qb6 23. Rf2 Qb4 24. Qe2 Qc3 25. Rd1 Ba4 26. Rd2 Rb1+ 27. Kh2 f6 28. g5 Kf7 29. gxh6 gxh6 30. Bh3 Ke7 31. Rg2 Kd7 32. Rg6 Kc6 33. Rxh6 Qc1 34. Bg2 Bd1 35. Qe1 Nxd3 36. Rxd3 Qf4+ 37. Qg3 Qxh6 38. Nxd4+ exd4 39. e5+ Kc7 40. exd6+ Kd8 41. Rxd4 Ba4 42. Qf3 Rb8 43. Qd5 Bd7 44. Re4 Kc8 45. Re8+ 1-0

[Event "SRB-chT2 Vojvodina"]
[Site "Palic"]
[Date "2024.10.30"]
[Round "3.1"]
[White "Gunduz, Umut Erdem"]
[Black "Solodovnichenko, Yuri"]
[Result "0-1"]
[WhiteElo "2265"]
[BlackElo "2497"]
[PlyCount "48"]
[EventDate "2024.10.29"]
[EventType "team-tourn"]
[EventRounds "11"]
[EventCountry "SRB"]
[SourceTitle "CB45_2024"]
[Source "ChessBase"]
[SourceDate "2024.11.06"]
[SourceVersion "1"]
[SourceVersionDate "2024.11.06"]
[SourceQuality "1"]
[WhiteTeam "Indjija"]
[BlackTeam "Jazak Car Uros"]
[WhiteTeamCountry "SRB"]
[BlackTeamCountry "SRB"]

1. e4 g6 2. d4 d6 3. Nc3 Bg7 4. f4 a6 5. Nf3 Nd7 6. Bc4 e6 7. a4 Ne7 8. 0-0 0-0 9. f5 d5 10. exd5 exf5 11. Qe1 Nf6 12. Qh4 Nfxd5 13. Bh6 f6 14. Rae1 c6 15. Rxe7 Qxe7 16. Nxd5 cxd5 17. Bxd5+ Kh8 18. Ne5 Qe8 19. Re1 g5 20. Qg3 f4 21. Qa3 fxe5 22. Bxg7+ Kxg7 23. Rxe5 Qd8 24. Re7+ Kh8 0-1

[Event "Novi Sad IM1"]
[Site "Novi Sad"]
[Date "2024.10.26"]
[Round "5"]
[White "Solodovnichenko, Yuri"]
[Black "Remecki, Sinisa"]
[Result "1-0"]
[WhiteElo "2497"]
[BlackElo "2274"]
[PlyCount "73"]
[EventDate "2024.10.24"]
[EventType "tourn"]
[EventRounds "9"]
[EventCountry "SRB"]
[EventCategory "2"]
[SourceTitle "CB45_2024"]
[Source "ChessBase"]
[SourceDate "2024.11.06"]
[SourceVersion "1"]
[SourceVersionDate "2024.11.06"]
[SourceQuality "1"]

1. e4 c5 2. Nf3 e6 3. d4 cxd4 4. Nxd4 Nc6 5. Nc3 a6 6. Be3 Qc7 7. g4 h6 8. h4 b5 9. Nxc6 dxc6 10. Qf3 e5 11. a4 b4 12. Nb1 Nf6 13. Rg1 Be6 14. Nd2 h5 15. gxh5 Nxh5 16. Bc4 Nf4 17. Bxf4 exf4 18. Bxe6 fxe6 19. 0-0-0 Rd8 20. Qb3 Qc8 21. Nf3 Rh6 22. Qc4 Rxd1+ 23. Rxd1 Be7 24. Kb1 c5 25. e5 Bxh4 26. Qxf4 Be7 27. Qg4 Qc6 28. b3 Qb7 29. Rg1 Qd5 30. Qxg7 Bf8 31. Qg4 c4 32. bxc4 Qd7 33. Qe4 Qxa4 34. Qa8+ Ke7 35. Rd1 Rh5 36. Qd8+ Kf7 37. Qf6+ 1-0

[Event "Novi Sad IM1"]
[Site "Novi Sad"]
[Date "2024.10.25"]
[Round "2"]
[White "Kosanovic, Goran A"]
[Black "Solodovnichenko, Yuri"]
[Result "0-1"]
[WhiteElo "2262"]
[BlackElo "2497"]
[PlyCount "55"]
[EventDate "2024.10.24"]
[EventType "tourn"]
[EventRounds "9"]
[EventCountry "SRB"]
[EventCategory "2"]
[SourceTitle "CB45_2024"]
[Source "ChessBase"]
[SourceDate "2024.11.06"]
[SourceVersion "1"]
[SourceVersionDate "2024.11.06"]
[SourceQuality "1"]

1. e4 c5 2. Nf3 e6 3. g3 Nc6 4. Bg2 Nf6 5. Nc3 d6 6. d4 cxd4 7. Nxd4 Bd7 8. 0-0 Be7 9. h3 0-0 10. g4 Nxd4 11. Qxd4 Bc6 12. a4 d5 13. exd5 Nxd5 14. Nxd5 Bxd5 15. Bxd5 exd5 16. Rd1 Qc7 17. c3 Rad8 18. Bf4 Qc6 19. Be3 f5 20. Qxa7 fxg4 21. hxg4 d4 22. Bxd4 Rf4 23. Rd3 Bh4 24. Rad1 Rxg4+ 25. Kf1 Re8 26. f3 Rg3 27. Re3 Rxe3 28. Bxe3 0-1

[Event "AUT-chT 2425"]
[Site "Austria"]
[Date "2024.10.10"]
[Round "2.2"]
[White "Solodovnichenko, Yuri"]
[Black "Costa, Leonardo"]
[Result "0-1"]
[WhiteElo "2497"]
[BlackElo "2472"]
[PlyCount "120"]
[EventDate "2024.10.09"]
[EventType "team-tourn"]
[EventRounds "11"]
[EventCountry "AUT"]
[SourceTitle "CB42_2024"]
[Source "ChessBase"]
[SourceDate "2024.10.16"]
[SourceVersion "1"]
[SourceVersionDate "2024.10.16"]
[SourceQuality "1"]
[WhiteTeam "St Veit"]
[BlackTeam "Maria Saal"]
[WhiteTeamCountry "AUT"]
[BlackTeamCountry "AUT"]

1. e4 e5 2. Nf3 Nc6 3. Nc3 Nf6 4. Bb5 Bc5 5. 0-0 0-0 6. Bxc6 dxc6 7. d3 Nd7 8. Be3 Bd6 9. Nd2 Nc5 10. f4 exf4 11. Bxf4 Bxf4 12. Rxf4 Ne6 13. Rf2 Nd4 14. Nb3 a5 15. Qd2 a4 16. Nxd4 Qxd4 17. Raf1 Be6 18. Kh1 Rfd8 19. b3 b5 20. Qe1 a3 21. Ne2 Qe5 22. Nf4 c5 23. h3 h6 24. Qe2 Rd7 25. Nxe6 fxe6 26. Qg4 Rdd8 27. Qf4 Qxf4 28. Rxf4 c4 29. dxc4 bxc4 30. bxc4 Rd2 31. R1f2 Rxf2 32. Rxf2 Ra4 33. Rf3 Rxc4 34. Rxa3 Rxc2 35. Kh2 Kf7 36. Kg3 Kf6 37. Kf3 Ke5 38. g3 c5 39. h4 Kd4 40. Ra7 Rc3+ 41. Kf4 e5+ 42. Kf5 Rf3+ 43. Kg4 Rf6 44. Rxg7 c4 45. Rc7 c3 46. Kh5 Kd3 47. g4 c2 48. Rd7+ Kxe4 49. Rc7 Kd3 50. Rd7+ Kc3 51. Rc7+ Kb2 52. Rb7+ Kxa2 53. Rc7 Kb2 54. Rb7+ Kc1 55. g5 hxg5 56. hxg5 Rc6 57. g6 Kd1 58. g7 c1Q 59. Rd7+ Ke2 60. g8Q Rh6+ 0-1